Renaud - Paroles Hexagone - Statistiques

Statistiques générales
  • Ce quiz a été pris 132 fois
  • Le résultat moyen est 325 sur 497
Statistiques - réponses
Réponse % Correct
de
96%
il
96%
Il
96%
y
96%
à
94%
a
94%
Ils
93%
ils
93%
j'en
91%
janvier
90%
la
90%
La
90%
le
90%
Le
90%
mois
90%
et
88%
Et
88%
au
87%
Au
87%
des
87%
Des
87%
en
87%
En
87%
pas
87%
se
87%
France.
85%
France
85%
un
85%
Un
85%
mai
84%
une
84%
son
82%
année
81%
ça
81%
qui
81%
comme
79%
les
79%
Les
79%
est
78%
sur
78%
sûr
78%
tous
78%
cons
76%
nouvelle
76%
qu'il
76%
ces
75%
commence
75%
Pour
75%
pour
75%
trône
75%
trone
75%
C'est
73%
c'est
73%
pays
73%
Pays
73%
allemand
72%
du
72%
février
72%
mais
72%
n'a
72%
roi
72%
s'en
72%
sont
72%
flics
70%
70%
assassine
69%
coins
69%
d'rue
69%
me
69%
on
69%
On
69%
que
69%
y'en
69%
100
67%
juin
67%
ou
67%
par
67%
qu'à
67%
révolution
67%
français
66%
portugais
66%
car
64%
changé
64%
dit
64%
leur
64%
chez
63%
impunément
63%
l'hexagone
63%
l'ordre
63%
oublient
63%
souvenir
63%
assassinent
61%
bien
61%
d'un
61%
lui
61%
sous
61%
Etre
60%
l'signe
60%
s'embrassent
60%
depuis
58%
faire
58%
peu
58%
public
58%
dans
57%
d'mars
57%
éternités
57%
mise
57%
nombreux
57%
Quand
57%
besogne
55%
d'une
55%
manquée
55%
crient
54%
crient :
54%
d'avril
54%
règner
54%
tellement
54%
anarchiste
52%
Basque
52%
côté
52%
d'juillet
52%
liberté
52%
nous
52%
sécurité
52%
suis
52%
télé
52%
tuer
52%
venu
52%
"Vive
52%
d'août
51%
d'chez
51%
faux-culs
51%
fil
51%
l'autre
51%
loin
51%
millions
51%
pensent
51%
soldat
51%
tocards
51%
vraiment
51%
aussi
49%
beaucoup
49%
bientôt
49%
brave
49%
c'était
49%
encore
49%
gloire
49%
guillotine
49%
l'histoire
49%
lourds
49%
noir
49%
qu'ils
49%
qu'la
49%
renverser
49%
ricain
49%
septembre
49%
souviennent
49%
voter
49%
apprendre
48%
découvrir
48%
dites
48%
elle
48%
fait
48%
font
48%
jamais
48%
l'abri
48%
l'printemps
48%
matraqueurs
48%
mort
48%
payés"
48%
Pyrénées
48%
qu'est
48%
rouge
48%
s'faire
48%
s'révolter
48%
y'a
48%
allant
46%
bombes
46%
cette
46%
Charonne
46%
c'moment
46%
congés
46%
débarquement
46%
fignolèrent
46%
imbéciles
46%
journaux
46%
même :
46%
sang
46%
sinécure
46%
assermentés
45%
coula
45%
criaient
45%
d'Normandie
45%
faillit
45%
moutons
45%
vérité
45%
décor
43%
d'mieux
43%
évolue
43%
fête
43%
fonctionne
43%
gueuler
43%
immonde
43%
jours
43%
machine
43%
mentalité
43%
misère
43%
Moulin
43%
peuple
43%
pleurent
43%
semaines
43%
c'qu'on
42%
débiles
42%
d'Jean
42%
Espagne,
42%
étaient
42%
execute
42%
J'me
42%
leurs
42%
Leurs
42%
Paris
42%
Passent
42%
planqués
42%
vont
42%
après
40%
coeur
40%
commémorent
40%
d'ces
40%
d'usine
40%
éliminé
40%
lettre
40%
l'exploitation
40%
octobre
40%
pitié
40%
qu'le
40%
souviens
40%
surtout
40%
traditions
40%
appliquent
39%
avait
39%
l'Amérique
39%
latine
39%
Londres
39%
longue
39%
paysages
39%
Santiago
39%
siècle
39%
toutes
39%
vieilles
39%
effrayés
37%
gangrène
37%
Grèce
37%
j'parierais
37%
plages
37%
présence
37%
qu'y
37%
seizième
37%
unique
37%
vieux
37%
Bras
36%
polluer
36%
principes
36%
"Vive Pétain"
36%
abimer
34%
ambassadeur
34%
gouvernés
34%
m'font
34%
ouverts
34%
ramène
34%
accueilli
33%
bière
33%
flonflons
33%
oublier
33%
pions
33%
fascisme
31%
s'abreuvent
30%
bals
28%
d'artifice
28%
fermente
28%
fiers
28%
populaires
28%
terre
28%
tonneaux
28%
très
28%
"Bordeaux"
27%
d'feux
27%
partout
27%
raisin
27%
vendanges
27%
vignobles
27%
"Cotes-du-Rhône"
24%
l'étranger
24%
exportent
22%
Finies
16%
Lorsqu'en
16%
souv'nir
16%
s'indignent
13%
Aucun quiz correspondant
Distribution des résultats
% des personnes avec chaque résultat
Percentile par nombre de réponses
Votre historique - résultats
Vous n’avez pas pris ce quiz